| 000 | 00606nam a22001817a 4500 | ||
|---|---|---|---|
| 999 |
_c190968 _d190968 |
||
| 005 | 20220816152210.0 | ||
| 010 | _aENG-134391 | ||
| 020 |
_a9788179122259 _c250.00 |
||
| 035 | _aEN-117923 | ||
| 037 | _bDBAD/PUB | ||
| 082 | _a297.86092 | ||
| 100 | _aAdamson, Iain | ||
| 245 |
_aAhmad The Guided One: _bA Life Of The Holy Founder Of The Movement To Unite All Religions/ _clain Adamson |
||
| 260 |
_aSurrey _bIslam International Publications Ltd _c2009 |
||
| 270 |
_aIslamabad, Sheephatch Lane Tilford, Farnham _bSurrey |
||
| 300 |
_a371p. _c22cm(hb) |
||
| 942 |
_2ddc _cEN _h297.86092 _mADA |
||